书目信息 |
| 题名: |
游戏改变人生
|
|
| 作者: | 麦戈尼格尔 著 ;闾佳 译 | |
| 分册: | ||
| 出版信息: | 北京 北京联合出版公司 2018.05 |
|
| 页数: | 312页 | |
| 开本: | 24cm | |
| 丛书名: | ||
| 单 册: | ||
| 中图分类: | G898.3 | |
| 科图分类: | ||
| 主题词: | 电子游戏--基本知识 | |
| 电子资源: | ||
| ISBN: | 978-7-5596-1766-8 | |
| 000 | 00943nam0 2200241 450 | |
| 001 | 0108153918 | |
| 005 | 20210308154404.0 | |
| 010 | @a978-7-5596-1766-8@dCNY89.90 | |
| 100 | @a20210307e20202018em y0chiy50 ea | |
| 101 | 1 | @achi@ceng |
| 102 | @aCN@b110000 | |
| 105 | @ay z 000yy | |
| 106 | @ar | |
| 200 | 1 | @a游戏改变人生@Ayou xi gai bian ren sheng@f(美)简·麦戈尼格尔著@g闾佳译 |
| 210 | @a北京@c北京联合出版公司@d2018.05@h2020.04 | |
| 215 | @a312页@d24cm | |
| 330 | @a《游戏改变人生》包含了近100个有趣的任务,任何人都可以尝试这些游戏。另外,书中列举了很多人的真实案例,他们在面对疾病、受伤和其它重大挫折时,通过SuperBetter这款游戏变得更强大;有的人也通过这款游戏实现了减肥、跑马拉松、找到新工作等目标。 | |
| 606 | 0 | @a电子游戏@x基本知识 |
| 690 | @aG898.3@v5 | |
| 701 | 1 | @a麦戈尼格尔@Amai ge ni ge er@4著@c(美)@c(McGonigal, Jane) |
| 702 | 0 | @a闾佳@Alu jia@4译 |
| 801 | 0 | @aCN@bBJSZM@c20210308 |
| 905 | @b1273299-302@dG898.3@e486@f4 | |
| 游戏改变人生/(美)简·麦戈尼格尔著/闾佳译.-北京:北京联合出版公司,2018.05(2020.04) |
| 312页;24cm |
| ISBN 978-7-5596-1766-8:CNY89.90 |
| 《游戏改变人生》包含了近100个有趣的任务,任何人都可以尝试这些游戏。另外,书中列举了很多人的真实案例,他们在面对疾病、受伤和其它重大挫折时,通过SuperBetter这款游戏变得更强大;有的人也通过这款游戏实现了减肥、跑马拉松、找到新工作等目标。 |
| ● |
| 相关链接 |
|
|
|
|
正题名:游戏改变人生
索取号:G898.3/486
 
预约/预借
| 序号 | 登录号 | 条形码 | 馆藏地/架位号 | 状态 | 备注 |
| 1 | 1273299 | 212732998 | 第一样本阅览室/ [索取号:G898.3/486] | 在馆 | |
| 2 | 1273300 | 212733005 | 教育系资料室/ [索取号:G898.3/486] | 在馆 | |
| 3 | 1273301 | 212733014 | 教育系资料室/ [索取号:G898.3/486] | 在馆 | |
| 4 | 1273302 | 212733023 | 第四借阅区/ [索取号:G898.3/486] | 在馆 |